| 000 | 00545nam a2200181 a 4500 | ||
|---|---|---|---|
| 005 | 20140412111404.0 | ||
| 008 | 060406s19uu xx 00 eng d | ||
| 020 | _a1-4169-0021-7 | ||
| 050 |
_aM 929.7 _bG68 2005 |
||
| 100 | _aGormley, Beatrice | ||
| 245 |
_aDiana, Princess of Wales : _cby Beatrice Gormley. _byoung royalty / |
||
| 260 |
_aNew York : _bAladdin Paperbacks, _c2005. |
||
| 300 | _a204 p. | ||
| 440 | _aChildhood of World Figures | ||
| 650 | _aSpencer, Diana--Biography | ||
| 650 | _aPrincess and princesses | ||
| 999 |
_c105520 _d105520 |
||